| 000 | 01172cam a2200289 4500 | ||
|---|---|---|---|
| 001 | ABS67197 | ||
| 008 | 031030n2003 000 0 eng u | ||
| 035 | _a(Sirsi) u124187 | ||
| 100 | _aKenny, P. | ||
| 245 | _aVanishing easements in registered land | ||
| 260 | _c2003 | ||
| 490 |
_aConveyancer and Property Lawyer _v(67) July/August 2003, 304-313(10) |
||
| 520 | _aEasements were not dealt with satisfactorily or clearly by the Land Registration Act 1925 and there are few explicit references to them in the Land Registration Act 2002. Article sets out, step by step, how easements created during a conveyancing transaction, or those acquired by prescription, are dealt with under the new scheme contained in the 2002 Act. | ||
| 590 | _aABS | ||
| 650 | _aEASEMENTS | ||
| 650 | _aPRESCRIPTIVE RIGHTS | ||
| 650 | _aPRESCRIPTION ACT 1832 | ||
| 650 | _aREGISTERED LAND | ||
| 650 | _aLAND REGISTRATION ACT 1925 | ||
| 650 | _aLAND REGISTRATION ACT 2002 | ||
| 650 | _aWHEELDON V BURROWS | ||
| 650 | _aCELSTEEL LTD V ALTON HOUSE HOLDINGS | ||
| 650 | _aCONVEYANCING | ||
| 650 | _aDISPOSITION | ||
| 690 | _aPROPERTY AND LAND LAW-CONVEYANCING | ||
| 942 | _n0 | ||
| 999 |
_c73719 _d73719 |
||